[Event "XXIV Festival Conca della Presolana A"]
[Site "Bratto - Castione della Presolana ITA"]
[Date "2004.08.26"]
[Round "7"]
[White "Zanellato, Lorenzo"]
[Black "Cardini, Saverio"]
[Result "1-0"]
[WhiteElo "2086"]
[BlackElo "2026"]
[PlyCount "55"]
[EventDate "2004.08.20"]

1.d4 d5 2.c4 e6 3.Nc3 Nf6 4.cxd5 exd5 5.Bg5 Be7 6.e3 O-O 7.Bd3 c6 8.Qc2 h6
9.Bh4 Re8 10.Nge2 Ne4 11.Bxe7 Qxe7 12.Ng3 f5 13.O-O Rf8 14.Rae1 Qg5 15.
Bxe4 fxe4 16.f3 exf3 17.Rxf3 Rxf3 18.gxf3 Bh3 19.e4 h5 20.exd5 h4 21.Re8+ 
Kf7 22.Re5 Qf4 23.Nge4 Qe3+ 24.Nf2 Qxd4 25.Re4 Qc5 26.Rf4+ Kg8 27.Rxh4 Bd7
28.Qh7+ 1-0

[Event "XXIV Festival Conca della Presolana A"]
[Site "Bratto - Castione della Presolana ITA"]
[Date "2004.08.26"]
[Round "7"]
[White "Zoldan, Matteo"]
[Black "Bancod, Ronald"]
[Result "0-1"]
[WhiteElo "2103"]
[BlackElo "2354"]
[PlyCount "116"]
[EventDate "2004.08.20"]

1.c4 e5 2.Nc3 Nf6 3.e3 Bb4 4.Nge2 O-O 5.a3 Bxc3 6.Nxc3 d6 7.Be2 c5 8.d4 
Nc6 9.d5 Ne7 10.e4 Ne8 11.O-O Ng6 12.Bg4 f5 13.exf5 Bxf5 14.Bxf5 Rxf5 15.
Qg4 Qd7 16.Ne4 Nf6 17.Nxf6+ gxf6 18.Rd1 Kh8 19.Rd3 Rg8 20.Rg3 Ne7 21.Qe2 
Qe8 22.Rxg8+ Qxg8 23.b4 Ng6 24.Qg4 Nf4 25.Qxg8+ Kxg8 26.Bxf4 Rxf4 27.Rc1 
Rd4 28.Kf1 Rd3 29.Ke2 Rxa3 30.bxc5 dxc5 31.Rb1 b6 32.d6 Kf7 33.Rd1 Ke8 34.
d7+ Kd8 35.Rd6 Ra2+ 36.Ke3 f5 37.g3 Ra3+ 38.Ke2 Rc3 39.Rf6 f4 40.Rh6 Kxd7 
41.Rxh7+ Ke6 42.Rxa7 Rxc4 43.h4 Kf5 44.Rf7+ Ke4 45.f3+ Kd5 46.g4 Rc2+ 47.
Ke1 Kd4 48.h5 Ke3 49.Kd1 Rh2 50.Rh7 b5 51.g5 b4 52.h6 b3 53.Kc1 c4 54.Rb7 
Kd3 55.Rd7+ Kc3 56.Rd1 b2+ 57.Kb1 Kb3 58.Rg1 c3 0-1

[Event "XXIV Festival Conca della Presolana A"]
[Site "Bratto - Castione della Presolana ITA"]
[Date "2004.08.27"]
[Round "8"]
[White "Andreoli, Renato"]
[Black "Ceccarini, Marco"]
[Result "0-1"]
[WhiteElo "2200"]
[BlackElo "2091"]
[PlyCount "58"]
[EventDate "2004.08.20"]

1.e4 e6 2.d4 d5 3.Nc3 Bb4 4.e5 c5 5.Nf3 Ne7 6.dxc5 Bxc3+ 7.bxc3 Qa5 8.Bd3 
Qxc3+ 9.Bd2 Qxc5 10.O-O Qc7 11.Bb4 Nbc6 12.Bd6 Qd8 13.Re1 f6 14.Nh4 fxe5 
15.Bxe5 Nxe5 16.Rxe5 g6 17.Qg4 Nc6 18.Bxg6+ hxg6 19.Qxg6+ Kd7 20.Qg7+ Kd6 
21.Ng6 Rg8 22.Qf7 Nxe5 23.Nxe5 Qg5 24.Nc4+ dxc4 25.Rd1+ Kc6 26.Qf3+ Kc7 
27.Qf7+ Kb8 28.g3 Qg7 29.Qf4+ Qc7 0-1

[Event "XXIV Festival Conca della Presolana A"]
[Site "Bratto - Castione della Presolana ITA"]
[Date "2004.08.27"]
[Round "8"]
[White "Antognini, Francesco"]
[Black "Mione, Dario"]
[Result "1/2-1/2"]
[WhiteElo "2193"]
[BlackElo "2256"]
[PlyCount "86"]
[EventDate "2004.08.20"]

1.e4 c5 2.Nf3 d6 3.d4 cxd4 4.Nxd4 Nf6 5.Nc3 a6 6.f3 e6 7.Be3 b5 8.Qd2 Be7 
9.O-O-O Bb7 10.g4 h6 11.h4 Nfd7 12.Qf2 b4 13.Nce2 Qa5 14.Kb1 Nc5 15.Bg2 
Nbd7 16.g5 d5 17.Nb3 Nxb3 18.axb3 hxg5 19.exd5 Bxd5 20.hxg5 Rxh1 21.Rxh1 
Rc8 22.Nd4 Bc5 23.Rh8+ Nf8 24.Bh3 Qc7 25.g6 Bxd4 26.Bxd4 fxg6 27.Qe2 Kf7 
28.Be5 Qc6 29.Qd2 g5 30.Bg4 Bxf3 31.Qxg5 Qxc2+ 32.Ka2 Ng6 33.Rxc8 Qxc8 34.
Bxf3 Nxe5 35.Qxe5 Qd8 36.Bh5+ g6 37.Qf4+ Kg7 38.Bg4 Qa5+ 39.Kb1 e5 40.Qd2 
Qc5 41.Qd7+ Kh6 42.Qd2+ Kg7 43.Qd7+ Kh6 1/2-1/2

[Event "XXIV Festival Conca della Presolana A"]
[Site "Bratto - Castione della Presolana ITA"]
[Date "2004.08.27"]
[Round "8"]
[White "Astengo, Marcello"]
[Black "Marinelli, Gian Marco"]
[Result "1-0"]
[WhiteElo "2056"]
[BlackElo "2018"]
[PlyCount "111"]
[EventDate "2004.08.20"]

1.d4 Nf6 2.c4 g6 3.Nc3 Bg7 4.e4 d6 5.Be3 O-O 6.f3 e5 7.Nge2 exd4 8.Nxd4 
Nc6 9.Be2 Nh5 10.O-O Nf4 11.Re1 Bxd4 12.Bxd4 Qg5 13.g3 Nxd4 14.Qxd4 c5 15.
Qxd6 Nh3+ 16.Kg2 Rd8 17.Qc7 Rd7 18.f4 Rxc7 19.fxg5 Nxg5 20.Nd5 Bh3+ 21.Kg1
Rac8 22.Rad1 Nxe4 23.Bf3 Ng5 24.Bg2 Bxg2 25.Kxg2 Kg7 26.Nxc7 Rxc7 27.Re8 
Ne6 28.Ra8 a6 29.Rd6 Nd4 30.Rad8 Re7 31.Kf1 Nf5 32.R8d7 Re4 33.Rb6 Ne3+ 
34.Kf2 Nxc4 35.Rbxb7 Ne5 36.Rdc7 h5 37.b3 Kf6 38.Rb6+ Kg5 39.Rxc5 Kg4 40.
Rc2 Nd3+ 41.Kf1 Kh3 42.Re2 Rxe2 43.Kxe2 Nc1+ 44.Kd2 Nxa2 45.Rxa6 Nb4 46.
Ra4 Kxh2 47.Rxb4 Kxg3 48.Rb7 g5 49.Rxf7 h4 50.b4 h3 51.b5 g4 52.b6 Kg2 53.
b7 h2 54.Rh7 g3 55.b8=Q Kh1 56.Qb1+ 1-0

[Event "XXIV Festival Conca della Presolana A"]
[Site "Bratto - Castione della Presolana ITA"]
[Date "2004.08.27"]
[Round "8"]
[White "Bancod, Ronald"]
[Black "Shytaj, Carlo"]
[Result "1-0"]
[WhiteElo "2354"]
[BlackElo "2214"]
[PlyCount "73"]
[EventDate "2004.08.20"]

1.Nf3 Nf6 2.g3 g6 3.Bg2 Bg7 4.O-O O-O 5.d4 d6 6.Nc3 Nbd7 7.e4 e5 8.a4 a5 
9.h3 Re8 10.d5 Rf8 11.Nd2 Nc5 12.Nc4 b6 13.Be3 Ba6 14.b3 Nfd7 15.Qd2 f5 
16.Bg5 Qe8 17.exf5 gxf5 18.Nb5 Bxb5 19.axb5 Qg6 20.Rae1 Bf6 21.Be3 Bg7 22.
Kh2 h5 23.f4 h4 24.gxh4 Ne4 25.Bxe4 fxe4 26.Rg1 Qh5 27.Rg5 Qxh4 28.Reg1 
Rf7 29.R1g4 Qh7 30.fxe5 Nxe5 31.Nxe5 dxe5 32.d6 Rd8 33.Qd5 Kf8 34.Qxf7+ 
Kxf7 35.Rxg7+ Qxg7 36.Rxg7+ Kxg7 37.dxc7 1-0

[Event "XXIV Festival Conca della Presolana A"]
[Site "Bratto - Castione della Presolana ITA"]
[Date "2004.08.27"]
[Round "8"]
[White "Bellia, Fabrizio"]
[Black "Isonzo, David"]
[Result "1/2-1/2"]
[WhiteElo "2409"]
[BlackElo "2322"]
[PlyCount "81"]
[EventDate "2004.08.20"]

1.e4 c5 2.c3 Nf6 3.e5 Nd5 4.d4 cxd4 5.Nf3 e6 6.cxd4 d6 7.Bc4 Nc6 8.O-O Be7
9.exd6 Qxd6 10.Re1 O-O 11.Nc3 Rd8 12.Bb3 Nf6 13.Be3 Bd7 14.a3 Na5 15.Ba2 
Rac8 16.Qe2 Qa6 17.Qxa6 bxa6 18.d5 exd5 19.Bxa7 Nc6 20.Nxd5 Nxd5 21.Bxd5 
Bf6 22.Bb6 Re8 23.Rad1 Rxe1+ 24.Nxe1 Rb8 25.Bc5 Rxb2 26.Bxf7+ Kxf7 27.
Rxd7+ Ke8 28.Rd1 Ne5 29.g3 Nc4 30.Rc1 Nd2 31.Bb4 Nb3 32.Rd1 a5 33.Bd6 Bd4 
34.Nd3 Ra2 35.Kg2 Kf7 36.Nc1 Rxf2+ 37.Kh3 Nd2 38.Nd3 Re2 39.Nf4 Rf2 40.Nd3
Re2 41.Nf4 1/2-1/2

[Event "XXIV Festival Conca della Presolana A"]
[Site "Bratto - Castione della Presolana ITA"]
[Date "2004.08.27"]
[Round "8"]
[White "Bellini, Fabio"]
[Black "Vezzosi, Paolo"]
[Result "0-1"]
[WhiteElo "2509"]
[BlackElo "2350"]
[PlyCount "96"]
[EventDate "2004.08.20"]

1.e4 d6 2.d4 Nf6 3.Nc3 g6 4.f4 Bg7 5.Nf3 O-O 6.Bd3 Nc6 7.O-O Bg4 8.e5 dxe5
9.dxe5 Nd5 10.Nxd5 Qxd5 11.h3 Bxf3 12.Qxf3 Qxf3 13.Rxf3 Nd4 14.Rf2 Rfd8 
15.g4 Ne6 16.Be3 g5 17.fxg5 Bxe5 18.Raf1 Rf8 19.Bc4 Nd8 20.c3 e6 21.Bd3 
Nc6 22.Be4 a6 23.Kg2 Rab8 24.h4 Bd6 25.h5 Ne5 26.Kh3 Nd7 27.b4 b6 28.Kh4 
Rbd8 29.Bd4 Be5 30.h6 c5 31.Bxh7+ Kxh7 32.bxc5 bxc5 33.Rxf7+ Rxf7 34.Rxf7+
Kg6 35.Re7 cxd4 36.cxd4 Bxd4 37.Rxe6+ Kf7 38.Rd6 Bb6 39.Kh5 Ke7 40.Rc6 a5 
41.a4 Be3 42.Ra6 Bd2 43.h7 Rh8 44.Kh6 Nf8 45.Ra7+ Kd6 46.Ra6+ Kc5 47.Kg7 
Bc3+ 48.Rf6 Nxh7 0-1

[Event "XXIV Festival Conca della Presolana A"]
[Site "Bratto - Castione della Presolana ITA"]
[Date "2004.08.27"]
[Round "8"]
[White "Bentivegna, Francesco"]
[Black "Pechy, Alaster"]
[Result "0-1"]
[WhiteElo "2250"]
[BlackElo "2138"]
[PlyCount "64"]
[EventDate "2004.08.20"]

1.d4 d5 2.Nc3 Nf6 3.Bg5 c6 4.Qd3 Nbd7 5.f3 e6 6.e4 dxe4 7.fxe4 Qa5 8.Bd2 
Bb4 9.e5 Nd5 10.Ne4 Bxd2+ 11.Qxd2 Qxd2+ 12.Kxd2 b6 13.Nd6+ Ke7 14.Nf3 Nc7 
15.Bd3 Ne8 16.Ng5 Nxd6 17.exd6+ Kf8 18.Rhf1 Nf6 19.c4 c5 20.dxc5 bxc5 21.
Ne4 Nxe4+ 22.Bxe4 Rb8 23.Kc3 Bb7 24.Bxb7 Rxb7 25.a3 Ke8 26.b4 f6 27.bxc5 
Kd7 28.Rab1 Rhb8 29.Rb4 a5 30.Rb5 Rxb5 31.cxb5 Rxb5 32.Kc4 Kc6 0-1

[Event "XXIV Festival Conca della Presolana A"]
[Site "Bratto - Castione della Presolana ITA"]
[Date "2004.08.27"]
[Round "8"]
[White "Bernard, Jacques"]
[Black "Buccoliero, Alessandro"]
[Result "1-0"]
[WhiteElo "2222"]
[BlackElo "2123"]
[PlyCount "87"]
[EventDate "2004.08.20"]

1.e4 e6 2.d4 d5 3.Nc3 Bb4 4.e5 c5 5.a3 Bxc3+ 6.bxc3 Qc7 7.Nf3 Ne7 8.h4 Bd7
9.Bd3 Ba4 10.Kf1 c4 11.Be2 Nd7 12.h5 h6 13.Bf4 Qa5 14.Qd2 O-O-O 15.g4 f6 
16.Kg2 g5 17.hxg6 Nxg6 18.Bxh6 fxe5 19.Nxe5 Ndxe5 20.dxe5 Nxe5 21.Bg5 Rhg8
22.Bxd8 Qxd8 23.Kg3 Qd6 24.f4 Nd7 25.Rh6 Qf8 26.Rxe6 Nc5 27.Qxd5 Nxe6 28.
Qxe6+ Bd7 29.Qxc4+ Kb8 30.Bf3 Qg7 31.Qd4 Qf7 32.Rh1 Qe8 33.Qd5 Bc6 34.Qd6+
Ka8 35.Bxc6 bxc6 36.Kf3 Qc8 37.f5 Rd8 38.Qe6 Qa6 39.f6 Qb5 40.Re1 Qc5 41.
Re3 Rh8 42.f7 Rh3+ 43.Kg2 Rxe3 44.Qc8# 1-0

[Event "XXIV Festival Conca della Presolana A"]
[Site "Bratto - Castione della Presolana ITA"]
[Date "2004.08.27"]
[Round "8"]
[White "Bianco, Raffaele"]
[Black "Campini, Marco"]
[Result "1/2-1/2"]
[WhiteElo "2097"]
[BlackElo "2173"]
[PlyCount "120"]
[EventDate "2004.08.20"]

1.e4 c5 2.Nf3 d6 3.d4 cxd4 4.Nxd4 Nf6 5.Nc3 a6 6.Be2 e6 7.O-O Qc7 8.Be3 
Be7 9.f4 Nc6 10.Kh1 Bd7 11.Qe1 b5 12.a3 Rc8 13.Qg3 Rg8 14.Rad1 Kf8 15.e5 
Nxd4 16.Bxd4 Ne8 17.Bd3 h6 18.exd6 Bxd6 19.Ne4 Be7 20.Be5 Qb7 21.Nf2 f5 
22.c3 Nf6 23.Bc2 Kf7 24.Nd3 Bc6 25.Bd4 Bd6 26.Ne5+ Bxe5 27.Bxe5 Rcd8 28.
Rxd8 Rxd8 29.Rd1 Qe7 30.Bxf6 Qxf6 31.Rxd8 Qxd8 32.Qd3 Qh4 33.Qd2 g5 34.
fxg5 hxg5 35.Kg1 Qg4 36.Bd1 Qh4 37.Bf3 Bxf3 38.gxf3 Kg6 39.Qe3 Kf6 40.Qd2 
Kg6 41.b3 Qh7 42.Qe3 Qd7 43.Kf2 Qd6 44.Kg2 Qd5 45.Qd4 Qxd4 46.cxd4 Kf6 47.
Kg3 e5 48.dxe5+ Kxe5 49.f4+ Ke4 50.fxg5 Ke3 51.g6 f4+ 52.Kg4 f3 53.g7 f2 
54.g8=Q f1=Q 55.Qg5+ Ke4 56.Qg6+ Ke5 57.Qe8+ Kd4 58.Qh8+ Ke4 59.Qh7+ Ke5 
60.Qh8+ Ke4 1/2-1/2

[Event "XXIV Festival Conca della Presolana A"]
[Site "Bratto - Castione della Presolana ITA"]
[Date "2004.08.27"]
[Round "8"]
[White "Boccalatte, Piero"]
[Black "Scacco, Mauro"]
[Result "0-1"]
[WhiteElo "2002"]
[BlackElo "2117"]
[PlyCount "110"]
[EventDate "2004.08.20"]

1.d4 Nf6 2.c4 d6 3.Nc3 e5 4.d5 a5 5.e4 Na6 6.Bd3 Be7 7.Nge2 Nd7 8.O-O Bg5 
9.a3 Bxc1 10.Rxc1 Ndc5 11.Bc2 O-O 12.Ng3 Qg5 13.Qh5 h6 14.Qxg5 hxg5 15.Rb1
b6 16.b4 Nb7 17.Ba4 g6 18.Bb5 Nb8 19.Bc6 Nxc6 20.dxc6 Nd8 21.Nd5 Nxc6 22.
Nxc7 Ra7 23.Nd5 Be6 24.b5 Bxd5 25.cxd5 Nd4 26.Rfc1 f5 27.Kf1 a4 28.exf5 
gxf5 29.Ne2 Nb3 30.Rc2 Ra5 31.Ke1 Rxb5 32.Rc6 Rxd5 33.Rxb6 Rc8 34.Rd1 
Rxd1+ 35.Kxd1 Rd8 36.Nc3 Nc5 37.Ke2 Kf7 38.Rc6 Rd7 39.Nd5 Rb7 40.Nb4 Ke6 
41.Rc8 g4 42.Rh8 e4 43.Ke3 Nd7 44.h4 gxh3 45.Rxh3 Ke5 46.f4+ exf3 47.Rxf3 
Nc5 48.Nc6+ Kd5 49.Nb4+ Kc4 50.Nc6 Rb3+ 51.Kf4 Rxf3+ 52.gxf3 Kb3 53.Ke3 
Kxa3 54.Kd2 Kb2 55.Nb4 a3 0-1

[Event "XXIV Festival Conca della Presolana A"]
[Site "Bratto - Castione della Presolana ITA"]
[Date "2004.08.27"]
[Round "8"]
[White "Bonazzi, Edoardo"]
[Black "De Santis, Alessio"]
[Result "1/2-1/2"]
[WhiteElo "2115"]
[BlackElo "2292"]
[PlyCount "20"]
[EventDate "2004.08.20"]

1.Nf3 d6 2.c4 f5 3.Nc3 Nf6 4.g3 g6 5.Bg2 Bg7 6.O-O O-O 7.d3 c5 8.Rb1 Nc6 
9.a3 a5 10.Bd2 Bd7 1/2-1/2

[Event "XXIV Festival Conca della Presolana A"]
[Site "Bratto - Castione della Presolana ITA"]
[Date "2004.08.27"]
[Round "8"]
[White "Bottino, Alexiei"]
[Black "Astengo, Corrado"]
[Result "1/2-1/2"]
[WhiteElo "2061"]
[BlackElo "2161"]
[PlyCount "29"]
[EventDate "2004.08.20"]

1.d4 d5 2.c4 c6 3.Nf3 Nf6 4.cxd5 cxd5 5.Nc3 Nc6 6.Bf4 a6 7.e3 Bf5 8.Ne5 
Rc8 9.g4 Bd7 10.Be2 e6 11.a3 Be7 12.O-O O-O 13.Bd3 Nxe5 14.Bxe5 Bc6 15.Qf3
1/2-1/2

[Event "XXIV Festival Conca della Presolana A"]
[Site "Bratto - Castione della Presolana ITA"]
[Date "2004.08.27"]
[Round "8"]
[White "Bresciani, Nicola"]
[Black "Coratella, Giuseppe"]
[Result "1-0"]
[WhiteElo "2284"]
[BlackElo "2156"]
[PlyCount "53"]
[EventDate "2004.08.20"]

1.e4 e6 2.d4 d5 3.Nd2 Nf6 4.e5 Nfd7 5.c3 c5 6.Bd3 Nc6 7.Ne2 cxd4 8.cxd4 f6
9.exf6 Nxf6 10.Nf3 Bd6 11.O-O Qc7 12.Bg5 O-O 13.Bh4 Nh5 14.Qc2 g6 15.Bxg6 
Nf4 16.Bd3 Qg7 17.Nxf4 Rxf4 18.Bg3 Rxf3 19.Bxd6 Nxd4 20.Bxh7+ Qxh7 21.
Qxh7+ Kxh7 22.gxf3 e5 23.Kg2 e4 24.fxe4 dxe4 25.Rfd1 Nf3 26.Rac1 Bg4 27.
Bg3 1-0

[Event "XXIV Festival Conca della Presolana A"]
[Site "Bratto - Castione della Presolana ITA"]
[Date "2004.08.27"]
[Round "8"]
[White "Cardini, Saverio"]
[Black "Cazzaniga, Walter"]
[Result "1/2-1/2"]
[WhiteElo "2026"]
[BlackElo "2081"]
[PlyCount "78"]
[EventDate "2004.08.20"]

1.d4 Nf6 2.Nf3 g6 3.Bf4 Bg7 4.e3 d6 5.Bd3 O-O 6.O-O Nh5 7.Bg5 Qe8 8.e4 e5 
9.dxe5 dxe5 10.Nc3 c6 11.Qd2 Be6 12.Na4 Nd7 13.Be3 Qe7 14.b4 Rfd8 15.Ng5 
Nf4 16.Nxe6 Qxe6 17.Rfd1 b5 18.Bxb5 cxb5 19.Nc5 Nxc5 20.Qxd8+ Rxd8 21.
Rxd8+ Bf8 22.Bxc5 Qg4 23.Rxf8+ Kg7 24.g3 Ne6 25.Re8 Qxe4 26.Be3 Qxc2 27.h4
h5 28.Rc1 Qxa2 29.Rcc8 Qb1+ 30.Kg2 Qxb4 31.Bg5 f6 32.Rxe6 fxg5 33.hxg5 Kf7
34.Rf6+ Ke7 35.Rc7+ Ke8 36.Rh7 Qe4+ 37.Kh2 b4 38.Rh8+ Ke7 39.Rh7+ Ke8 
1/2-1/2

[Event "XXIV Festival Conca della Presolana A"]
[Site "Bratto - Castione della Presolana ITA"]
[Date "2004.08.27"]
[Round "8"]
[White "Caruso, Augusto"]
[Black "Drabke, Lorenz Maximilian"]
[Result "0-1"]
[WhiteElo "2208"]
[BlackElo "2428"]
[PlyCount "112"]
[EventDate "2004.08.20"]

1.e4 c5 2.Nf3 e6 3.g3 Nc6 4.d3 Nf6 5.Bg2 Be7 6.O-O O-O 7.Nbd2 d5 8.Qe2 b5 
9.e5 Nd7 10.Re1 Qc7 11.Nf1 Bb7 12.Bf4 Nd4 13.Nxd4 cxd4 14.h4 Rfc8 15.Rec1 
a5 16.Nh2 Ra6 17.Nf3 Bc5 18.c3 dxc3 19.Rxc3 b4 20.Rcc1 Rc6 21.d4 Ba6 22.
Qd1 Ba7 23.Rxc6 Qxc6 24.Rc1 Qb6 25.Bf1 Nb8 26.Rxc8+ Bxc8 27.Ng5 g6 28.h5 
Qxd4 29.Qf3 f6 30.hxg6 hxg6 31.exf6 Qxf6 32.Qh1 Qh8 33.Bh3 Nc6 34.Nxe6 
Qxb2 35.Qf3 Qb1+ 36.Bc1 Qxc1+ 37.Kg2 Qh6 38.Qxd5 Ne7 39.Qd6 Kf7 40.Nd8+ 
Ke8 41.Ne6 Bb7+ 42.Kh2 Bxf2 43.Nc7+ Kf7 44.Qe6+ Kf8 45.Qf6+ Kg8 46.Qxe7 
Bg1+ 47.Kxg1 Qxh3 48.Qe8+ Kh7 49.Qe7+ Kh6 50.Qe3+ Kh5 51.Qe5+ g5 52.Qe8+ 
Kg4 53.Qe6+ Kxg3 54.Qd6+ Kf3 55.Qf6+ Ke4 56.Ne6 Qg3+ 0-1

[Event "XXIV Festival Conca della Presolana A"]
[Site "Bratto - Castione della Presolana ITA"]
[Date "2004.08.27"]
[Round "8"]
[White "Castaldo, Folco"]
[Black "Sanchez, Joseph"]
[Result "1/2-1/2"]
[WhiteElo "2318"]
[BlackElo "2453"]
[PlyCount "83"]
[EventDate "2004.08.20"]

1.e4 c5 2.c3 d5 3.exd5 Qxd5 4.d4 Nc6 5.Nf3 Bg4 6.Be2 cxd4 7.cxd4 e6 8.Nc3 
Qa5 9.h3 Bh5 10.d5 O-O-O 11.O-O Nf6 12.Bg5 Be7 13.Ne5 Nxe5 14.Bxh5 Nxd5 
15.Bd2 g6 16.Be2 Nxc3 17.Bxc3 Rxd1 18.Bxa5 Rxa1 19.Rxa1 Nc6 20.Rc1 Kb8 21.
Bd2 Rd8 22.Bf4+ e5 23.Be3 f5 24.Rd1 Rxd1+ 25.Bxd1 f4 26.Bd2 Bb4 27.Bc1 Kc7
28.Kf1 Kd6 29.Ke2 Bc5 30.g3 fxg3 31.fxg3 e4 32.Bf4+ Ke6 33.Bb3+ Kf5 34.Be3
Bd4 35.Bg8 h5 36.g4+ hxg4 37.hxg4+ Ke5 38.Bh6 Bb6 39.Bf7 Kf6 40.Bd5 Ke5 
41.Bf7 Kf6 42.Bd5 1/2-1/2

[Event "XXIV Festival Conca della Presolana A"]
[Site "Bratto - Castione della Presolana ITA"]
[Date "2004.08.27"]
[Round "8"]
[White "Castelfranchi, Carlo"]
[Black "Navarro, Stefano"]
[Result "0-1"]
[WhiteElo "2086"]
[BlackElo "2117"]
[PlyCount "58"]
[EventDate "2004.08.20"]

1.e4 e5 2.Nf3 Nc6 3.Bb5 f5 4.d4 fxe4 5.Bxc6 dxc6 6.Nxe5 Nf6 7.Bg5 Bd6 8.
Nd2 O-O 9.O-O Qe8 10.Qe2 Bxe5 11.dxe5 Qxe5 12.Bxf6 Qxf6 13.Nxe4 Qxb2 14.
Qc4+ Kh8 15.Qc5 Re8 16.Rfe1 Bd7 17.Rad1 Rad8 18.Qxa7 Qxc2 19.Qxb7 Rxe4 20.
Qxc7 Rde8 21.Qa5 Rxe1+ 22.Rxe1 Rxe1+ 23.Qxe1 Qxa2 24.h4 Qe6 25.Qb4 h6 26.
g4 Qe5 27.Qf8+ Kh7 28.f4 Qe3+ 29.Kg2 Be6 0-1

[Event "XXIV Festival Conca della Presolana A"]
[Site "Bratto - Castione della Presolana ITA"]
[Date "2004.08.27"]
[Round "8"]
[White "Cugini, Verter"]
[Black "Passoni, Carlo"]
[Result "0-1"]
[WhiteElo "2219"]
[BlackElo "2286"]
[PlyCount "68"]
[EventDate "2004.08.20"]

1.e4 e5 2.Nf3 Nc6 3.d4 exd4 4.Nxd4 Bc5 5.Be3 Qf6 6.c3 Nge7 7.g3 d5 8.Bg2 
dxe4 9.Nb5 Bxe3 10.Nxc7+ Kf8 11.O-O Rb8 12.fxe3 Qe5 13.Qb3 f6 14.Nb5 Be6 
15.Qa4 Bf7 16.Nd4 f5 17.Na3 g6 18.g4 Kg7 19.gxf5 gxf5 20.Rf2 Rhf8 21.Qb5 
Bg8 22.Bh3 a6 23.Qxe5+ Nxe5 24.Nxf5+ Nxf5 25.Rxf5 Nf3+ 26.Kh1 Rbd8 27.Rxf8
Kxf8 28.Bg2 Rd2 29.b3 b5 30.Rf1 Rxa2 31.Nb1 Bxb3 32.Bxf3 exf3 33.Rxf3+ Ke7
34.Kg1 Bc4 0-1

[Event "XXIV Festival Conca della Presolana A"]
[Site "Bratto - Castione della Presolana ITA"]
[Date "2004.08.27"]
[Round "8"]
[White "Danieli, Enrico"]
[Black "Contin, Daniel"]
[Result "1-0"]
[WhiteElo "2139"]
[BlackElo "2392"]
[PlyCount "83"]
[EventDate "2004.08.20"]

1.d4 Nf6 2.Nf3 b6 3.e3 Bb7 4.Bd3 c5 5.O-O g6 6.c3 Bg7 7.Nbd2 O-O 8.Re1 d6 
9.e4 Nbd7 10.Nf1 Qc7 11.Bg5 h6 12.Bh4 e5 13.dxe5 dxe5 14.Qe2 Nh5 15.Bc4 
Kh7 16.Rad1 Nf4 17.Qc2 Nf6 18.Bxf6 Bxf6 19.Ne3 Rad8 20.g3 Nh3+ 21.Kg2 Qc8 
22.Rxd8 Rxd8 23.Bxf7 Rf8 24.Bd5 Ba6 25.Qb3 Re8 26.Ng1 Nf4+ 27.gxf4 exf4 
28.h3 fxe3 29.Rxe3 Re5 30.Rg3 c4 31.Qd1 Qe8 32.Qf3 Kg7 33.Ne2 Bh4 34.Rg4 
Bg5 35.h4 Bc8 36.hxg5 Bxg4 37.Qf6+ Kh7 38.Bf7 Re6 39.Bxe8 Rxf6 40.gxf6 
Bxe2 41.Bf7 g5 42.e5 1-0

[Event "XXIV Festival Conca della Presolana A"]
[Site "Bratto - Castione della Presolana ITA"]
[Date "2004.08.27"]
[Round "8"]
[White "De Marco, Walter"]
[Black "Simeone, Giulio"]
[Result "1/2-1/2"]
[WhiteElo "2053"]
[BlackElo "2024"]
[PlyCount "24"]
[EventDate "2004.08.20"]

1.Nf3 g6 2.d4 Bg7 3.e3 d5 4.Bd3 Nf6 5.Nbd2 O-O 6.c3 b6 7.O-O Bb7 8.Qe2 c5 
9.Ne5 Nc6 10.Ndf3 Nxe5 11.Nxe5 Qd6 12.Bd2 Ne4 1/2-1/2

[Event "XXIV Festival Conca della Presolana A"]
[Site "Bratto - Castione della Presolana ITA"]
[Date "2004.08.27"]
[Round "8"]
[White "Delfino, Luigi"]
[Black "Cardelli, Gabriele"]
[Result "1/2-1/2"]
[WhiteElo "2084"]
[BlackElo "2026"]
[PlyCount "39"]
[EventDate "2004.08.20"]

1.e4 c6 2.d4 d5 3.exd5 cxd5 4.Bd3 Nf6 5.Bf4 Nc6 6.c3 a6 7.Nf3 Bg4 8.Nbd2 
e6 9.O-O Bd6 10.Bg5 Be7 11.Qe2 O-O 12.h3 Bh5 13.Qe3 Bg6 14.Ne5 Nxe5 15.
dxe5 Nd7 16.Bxe7 Qxe7 17.Bxg6 hxg6 18.Nf3 Rfc8 19.Rad1 Rc4 20.Nd4 1/2-1/2

[Event "XXIV Festival Conca della Presolana A"]
[Site "Bratto - Castione della Presolana ITA"]
[Date "2004.08.27"]
[Round "8"]
[White "Drazic, Sinisa"]
[Black "Ranola, Yves"]
[Result "1-0"]
[WhiteElo "2461"]
[BlackElo "2410"]
[PlyCount "127"]
[EventDate "2004.08.20"]

1.e4 c5 2.c3 Nf6 3.e5 Nd5 4.Nf3 Nc6 5.g3 d6 6.exd6 e6 7.Bg2 Bxd6 8.O-O O-O
9.d4 cxd4 10.Nxd4 Nxd4 11.Qxd4 Qc7 12.Nd2 Bd7 13.Nf3 Bc6 14.Re1 Ne7 15.c4 
Nf5 16.Qc3 Qb6 17.Qb3 Qxb3 18.axb3 Bb4 19.Bd2 Bxd2 20.Nxd2 Nd4 21.Red1 f5 
22.Bxc6 bxc6 23.Kg2 Rfb8 24.Ra6 c5 25.Ra5 Rc8 26.Nf3 Nxb3 27.Ra6 Nd4 28.
Nxd4 cxd4 29.Rxd4 e5 30.Rd7 Rxc4 31.Re6 Rg4 32.Rxe5 h6 33.Rb7 f4 34.Re4 
Rf8 35.f3 Rg6 36.Ra4 fxg3 37.hxg3 a6 38.Rd4 Rgf6 39.Rdd7 R8f7 40.Rxf7 Rxf7
41.Rb6 Rd7 42.b4 Rd2+ 43.Kh3 Rd4 44.f4 Kf7 45.Kg4 g6 46.Kf3 Rd3+ 47.Kf2 
Rb3 48.Kg2 g5 49.fxg5 hxg5 50.Kh3 Kg7 51.Kg4 Kf7 52.Kxg5 Rxg3+ 53.Kf4 Rd3 
54.Ke4 Rd1 55.Rxa6 Ke7 56.Rc6 Kd7 57.Rc3 Rd6 58.Rc5 Rb6 59.b5 Rb8 60.Kd5 
Rb7 61.Kc4 Kd6 62.Rc6+ Kd7 63.Kc5 Rc7 64.Kb6 1-0

[Event "XXIV Festival Conca della Presolana A"]
[Site "Bratto - Castione della Presolana ITA"]
[Date "2004.08.27"]
[Round "8"]
[White "Gangemi, Salvatore"]
[Black "Temi, Walter"]
[Result "1-0"]
[WhiteElo "2085"]
[BlackElo "2101"]
[PlyCount "85"]
[EventDate "2004.08.20"]

1.c4 Nf6 2.Nf3 g6 3.g3 Bg7 4.Bg2 O-O 5.Nc3 d5 6.cxd5 Nxd5 7.O-O c5 8.Qb3 
Nb6 9.d3 Nc6 10.Qb5 Nd7 11.Qc4 Nd4 12.Bg5 h6 13.Bd2 Nxf3+ 14.exf3 Ne5 15.
Qxc5 Nxd3 16.Qa3 b5 17.b4 Nxb4 18.Rad1 Nc2 19.Qb2 b4 20.Qxc2 bxc3 21.Bxh6 
Qa5 22.Bxg7 Kxg7 23.Rd3 Ba6 24.Rxc3 Bxf1 25.Bxf1 Qe5 26.Rc5 Qe1 27.f4 Rad8
28.Re5 Rd2 29.Qc5 Qa1 30.Rxe7 Rxa2 31.Kg2 Ra5 32.Qe3 Ra3 33.Qc5 Ra5 34.Qe3
Qa4 35.Qe6 Kg8 36.Qf6 Qa1 37.Qc6 Qd4 38.Bc4 Rf5 39.Qxg6+ Kh8 40.Qxf5 Qxc4 
41.Rxa7 Qc6+ 42.f3 Re8 43.Qh5+ 1-0

[Event "XXIV Festival Conca della Presolana A"]
[Site "Bratto - Castione della Presolana ITA"]
[Date "2004.08.27"]
[Round "8"]
[White "Gosio, Denis"]
[Black "Zanellato, Lorenzo"]
[Result "0-1"]
[WhiteElo "2170"]
[BlackElo "2086"]
[PlyCount "110"]
[EventDate "2004.08.20"]

1.e4 c6 2.d4 d5 3.e5 Bf5 4.Nf3 e6 5.Be2 Bg6 6.O-O Nd7 7.Be3 Nh6 8.Nbd2 Nf5
9.c3 c5 10.a3 Be7 11.Kh1 O-O 12.Bf4 Qb6 13.b4 cxb4 14.cxb4 a5 15.g4 Nh4 
16.b5 Nxf3 17.Nxf3 Be4 18.Kg1 Rac8 19.a4 Bb4 20.Rc1 Ba3 21.Rxc8 Rxc8 22.
Be3 Bb4 23.Bd3 Bxd3 24.Qxd3 Rc3 25.Qb1 Qc7 26.Ng5 Nf8 27.Bd2 Rc4 28.Be3 
Be7 29.Nf3 Nd7 30.Qb3 Rc3 31.Qb2 Nb6 32.Ra1 Rc2 33.Qb3 Qc3 34.Qxc3 Rxc3 
35.Nd2 Bb4 36.Kf1 Rc2 37.Nb3 Nc4 38.Rb1 Nxe3+ 39.fxe3 Rxh2 40.Rc1 Rh1+ 41.
Ke2 Rxc1 42.Nxc1 Kf8 43.Nd3 Ba3 44.Kf3 Ke7 45.Nf4 f6 46.Nd3 Kd7 47.Ke2 Be7
48.Kf3 b6 49.Ke2 Bd8 50.Kf3 Bc7 51.Ke2 fxe5 52.dxe5 Ke7 53.Kf2 Kf7 54.Kf3 
h6 55.Kg3 g5 0-1

[Event "XXIV Festival Conca della Presolana A"]
[Site "Bratto - Castione della Presolana ITA"]
[Date "2004.08.27"]
[Round "8"]
[White "Guido, Flavio"]
[Black "Patelli, Alessandro"]
[Result "0-1"]
[WhiteElo "2338"]
[BlackElo "2211"]
[PlyCount "58"]
[EventDate "2004.08.20"]

1.e4 c5 2.c3 d5 3.exd5 Qxd5 4.d4 Nf6 5.Nf3 e6 6.Bd3 Nc6 7.O-O cxd4 8.cxd4 
Be7 9.Nc3 Qd6 10.Nb5 Qd8 11.Bf4 Nd5 12.Bg3 a6 13.Nc3 O-O 14.Rc1 b5 15.Nxd5
Qxd5 16.Bxh7+ Kxh7 17.Qc2+ Kg8 18.Qxc6 Bb7 19.Qb6 Rfc8 20.Bc7 a5 21.Bf4 g5
22.Rxc8+ Rxc8 23.Bc7 g4 24.Ne1 Bb4 25.f3 Bxe1 26.Rxe1 gxf3 27.Re3 f2+ 28.
Kxf2 Qf5+ 29.Kg3 Qg6+ 0-1